|
|
|
|
| LEADER |
00856nam a2200217 a 4500 |
| 001 |
GR-MES1621 |
| 008 |
991111s1995 gr 000 b eng d |
| 020 |
|
|
|a 0201427699
|
| 040 |
|
|
|a GrPaTEI
|b gre
|c GR-PaULI
|
| 245 |
0 |
0 |
|a Mathematics for economics and business.
|
| 250 |
|
|
|a 2th ed
|
| 260 |
|
|
|a Harlow :
|b Addison Wesley,
|c 1995
|
| 300 |
|
|
|a 485σ. :
|b διαγρ.
|
| 500 |
|
|
|a Περιλαμβάνει ευρετήριο.
|
| 650 |
|
4 |
|a ΕΠΙΧΕΙΡΗΜΑΤΙΚΑ ΜΑΘΗΜΑΤΙΚΑ
|
| 650 |
|
4 |
|a Οικονομικά μαθηματικά
|
| 700 |
1 |
|
|a Jacques, Ian
|
| 942 |
|
|
|2 ddc
|
| 952 |
|
|
|0 0
|1 0
|2 ddc
|4 0
|6 330_015000000000000_195_JAC
|7 0
|9 265859
|a MSLG
|b MSLG
|c BSC
|d 2021-01-17
|e 24
|f 0
|g 0.00
|l 0
|o 330.015 195 JAC
|p 2420000012409
|r 2021-01-17 00:00:00
|t 1
|w 2021-01-17
|y BK15
|x 19991111 0 1
|x GrPaTEI
|
| 971 |
|
|
|a .b2572664x
|b 15-04-20
|c 13-09-16
|
| 999 |
|
|
|c 152846
|d 152846
|